[Event "NOR-ch U14"]
[Site "Bergen"]
[Date "2015.11.13"]
[Round "1"]
[White "Helgoy, Hakon"]
[Black "Sivaranjan, Pradheeban"]
[Result "1-0"]
[WhiteElo "816"]
[BlackElo "1195"]
[PlyCount "35"]
[EventDate "2015.11.13"]
[EventType "swiss"]
[EventRounds "7"]
[EventCountry "NOR"]
[SourceTitle "EXT 2024"]
[Source "ChessBase"]
[SourceDate "2023.10.10"]
[SourceVersion "1"]
[SourceVersionDate "2023.10.10"]
[SourceQuality "1"]

1. e4 c5 2. Nf3 Nc6 3. d4 cxd4 4. Nxd4 Nxd4 5. Qxd4 e6 6. Nc3 b6 7. Be3 Nf6 8. f3 Bc5 9. Qd2 Bxe3 10. Qxe3 Nh5 11. 0-0-0 0-0 12. e5 g6 13. g4 Ng7 14. Bd3 Bb7 15. Ne4 Qc7 16. Nf6+ Kh8 17. Qh6 Rg8 18. Qxh7# 1-0